| 000 | 01258nam a2200373 c 4500 | ||
|---|---|---|---|
| 001 | 16144 | ||
| 003 | ES-MaCES | ||
| 005 | 20250121040009.0 | ||
| 008 | 040217s2002 sp t o100 | spa d | ||
| 017 |
_aM 47747-2002 _bDL |
||
| 024 | 7 |
_a207-02-065-9 _2nipo |
|
| 035 | _aCES20040002260m | ||
| 040 |
_aES-MaCES _bspa _cES-MaCES |
||
| 111 | 2 |
_aSeminario Mainstreaming de Género e las Políticas de Salud en Europa _d2002 _cMadrid _9852 |
|
| 245 | 1 | 0 |
_aSeminario sobre mainstreaming de género en las políticas de salud en Europa _b: Madrid, 14 de septiembre de 2001 |
| 260 |
_aMadrid _bInstituto de la Mujer _c2002 |
||
| 300 |
_a135 p. _c30 cm |
||
| 490 | 1 |
_aDebate _v34 |
|
| 504 | _aBibliografía | ||
| 650 | 4 |
_amujeres _928657 |
|
| 650 | 4 |
_asalud _928680 |
|
| 650 | 4 |
_aasistencia médica _930272 |
|
| 650 | 4 |
_apolítica sanitaria _929366 |
|
| 650 | 4 |
_apolítica comunitaria _930776 |
|
| 650 | 4 |
_apotenciación de las mujeres _930610 |
|
| 650 | 4 |
_aconferencia _927013 |
|
| 653 | 1 | 0 | _aMujer |
| 650 | 4 |
_926752 _aUE |
|
| 710 | 2 |
_aInstituto de la Mujer (España) _eed. _94190 |
|
| 830 | 0 |
_aDebate (Instituto de la Mujer (España)) _v34 _932789 |
|
| 902 | _aLIB Libro | ||
| 942 |
_2CES _cBK _h3.3. |
||
| 999 |
_c16144 _d16144 |
||